[Event "II C.to Italiano Serie Nazionali a squadre"]
[Site "Arvier ITA"]
[Date "2008.05.02"]
[Round "1"]
[White "Lucchese, Paolo"]
[Black "Luciani, Carlo"]
[Result "0-1"]
[WhiteElo "1994"]
[BlackElo "2256"]
[PlyCount "76"]
[EventDate "2008.05.02"]

1. e4 e5 2. Nf3 Nc6 3. Bb5 a6 4. Ba4 Nf6 5. O-O Nxe4 6. Re1 Nc5 7. Bxc6 dxc6 8.
Nxe5 Be6 9. d4 Nd7 10. Nf3 Be7 11. Nc3 O-O 12. Ne4 h6 13. b3 Re8 14. Bb2 Bg4
15. Ng3 Nf6 16. h3 Be6 17. c4 a5 18. Qc2 a4 19. Bc3 Bf8 20. Rad1 axb3 21. axb3
Ra6 22. Qb2 Ba3 23. Qc2 Bf8 24. Qb2 Ba3 25. Qb1 Bf8 26. Qd3 Bc8 27. Rxe8 Qxe8
28. Re1 Qd8 29. Qe2 Ra8 30. Ne4 Nxe4 31. Qxe4 Be6 32. Qc2 Ra6 33. Qe4 Ra3 34.
Qc2 Qc8 35. Kh2 Bd6+ 36. Ne5 Qa8 37. d5 cxd5 38. f4 dxc4 0-1

[Event "II C.to Italiano Serie Nazionali a squadre"]
[Site "Arvier ITA"]
[Date "2008.05.02"]
[Round "1"]
[White "Moncelli, Giorgio"]
[Black "Sbarra, Marco"]
[Result "0-1"]
[WhiteElo "2099"]
[BlackElo "2243"]
[PlyCount "86"]
[EventDate "2008.05.02"]

1. c4 e6 2. Nf3 d5 3. g3 c5 4. cxd5 exd5 5. d4 Nc6 6. Bg2 Nf6 7. O-O Be7 8. Nc3
O-O 9. dxc5 Bxc5 10. Na4 Be7 11. Be3 Bg4 12. Rc1 Re8 13. Nd4 Qd7 14. Nxc6 bxc6
15. Re1 Bb4 16. Bd2 Bd6 17. Bc3 Re6 18. Bd4 Qb7 19. Bc5 Rae8 20. f3 Bf5 21.
Bxd6 Rxd6 22. e4 Rde6 23. Nc5 Qb6 24. Kh1 R6e7 25. Qc2 dxe4 26. fxe4 h6 27. Re2
Bg6 28. Qc4 Ng4 29. Rd1 Ne5 30. Qc3 Bh5 31. Ree1 Bxd1 32. Rxd1 Rd8 33. Rxd8+
Qxd8 34. h3 Qd1+ 35. Kh2 Qe2 36. a3 Nc4 37. Nd3 Ne3 38. Nf4 Qf2 39. Qd3 Nxg2
40. Nxg2 Re8 41. b4 Qf6 42. Qe3 Qe7 43. e5 Qc7 0-1

[Event "II C.to Italiano Serie Nazionali a squadre"]
[Site "Arvier ITA"]
[Date "2008.05.02"]
[Round "1"]
[White "Pulito, Alberto"]
[Black "Frigieri, Fabrizio"]
[Result "1/2-1/2"]
[WhiteElo "2261"]
[BlackElo "2082"]
[PlyCount "113"]
[EventDate "2008.05.02"]

1. e4 c5 2. c3 d5 3. exd5 Qxd5 4. d4 g6 5. Nf3 Bg7 6. Be3 cxd4 7. cxd4 Nf6 8.
Nc3 Qa5 9. Bc4 O-O 10. O-O Nbd7 11. a3 Nb6 12. Ba2 Nbd5 13. Qd2 Nxc3 14. Qxc3
Qd8 15. Ne5 Nd5 16. Qb3 Be6 17. Qxb7 Rb8 18. Qxa7 Nxe3 19. fxe3 Bxa2 20. Rxa2
Bxe5 21. dxe5 Qd5 22. b3 Qxb3 23. Raf2 Rb7 24. Qc5 e6 25. Rf3 Rb5 26. Qe7 Rb7
27. Qd6 Rb6 28. Qe7 Rb7 29. Qh4 Qxa3 30. Rh3 h5 31. Qg5 Qe7 32. Rxh5 Qxg5 33.
Rxg5 Kg7 34. h4 Rb4 35. g3 Ra8 36. Kg2 Ra2+ 37. Kf3 Ra3 38. Re1 Ra2 39. Rg4 Rb5
40. Rg5 Raa5 41. Kf4 Ra4+ 42. e4 Rb2 43. Re3 Rf2+ 44. Rf3 Rxf3+ 45. Kxf3 Kh6
46. Ke3 Rb4 47. Rg4 Ra4 48. Rf4 Kg7 49. Rf2 Ra1 50. Kf4 Rh1 51. Rf3 Rh2 52. Ra3
Rf2+ 53. Ke3 Rf1 54. Ke2 Rb1 55. Ke3 Rf1 56. Ra7 Kg8 57. Ra3 1/2-1/2

[Event "II C.to Italiano Serie Nazionali a squadre"]
[Site "Arvier ITA"]
[Date "2008.05.02"]
[Round "1"]
[White "Quinto, Gianni"]
[Black "Zanin, Dario"]
[Result "1-0"]
[WhiteElo "2210"]
[BlackElo "2026"]
[PlyCount "101"]
[EventDate "2008.05.02"]

1. d4 Nf6 2. c4 e6 3. Nf3 b6 4. Nc3 Bb7 5. e3 Be7 6. Bd3 O-O 7. O-O d5 8. cxd5
exd5 9. b3 Na6 10. Bb2 c6 11. Ne5 Nc7 12. Rc1 Ne6 13. Ne2 Rc8 14. Ng3 Re8 15.
Nf5 Bf8 16. Qf3 g6 17. Ng3 Ng5 18. Qd1 Bd6 19. f4 Nge4 20. f5 Rc7 21. Nxe4 dxe4
22. Bc4 b5 23. fxg6 hxg6 24. Nxf7 Rxf7 25. Bxf7+ Kxf7 26. d5 Be5 27. Bxe5 Rxe5
28. dxc6 Qxd1 29. Rfxd1 Bc8 30. Rd8 Re8 31. c7 Ke7 32. Rcd1 Nd7 33. Rxe8+ Kxe8
34. Rd4 Nb6 35. Rxe4+ Kd7 36. Rg4 Kxc7 37. Rxg6 Nd5 38. Kf2 Nc3 39. h4 Nxa2 40.
h5 Bf5 41. Rg5 Bd3 42. Kf3 Kd6 43. h6 Nc3 44. Rg7 a5 45. h7 Bxh7 46. Rxh7 Kc5
47. g4 Kb4 48. Ra7 a4 49. bxa4 Nxa4 50. g5 Nc5 51. g6 1-0

[Event "II C.to Italiano Serie Nazionali a squadre"]
[Site "Arvier ITA"]
[Date "2008.05.02"]
[Round "1"]
[White "Rebeggiani, Andrea"]
[Black "Rotoni, Fabrizio"]
[Result "0-1"]
[WhiteElo "1978"]
[BlackElo "2047"]
[PlyCount "70"]
[EventDate "2008.05.02"]

1. e4 e6 2. d4 d5 3. Nc3 Bb4 4. e5 c5 5. a3 Bxc3+ 6. bxc3 Qa5 7. Bd2 Qa4 8. Qb1
a6 9. Nf3 Nc6 10. Qb3 Qxb3 11. cxb3 Nge7 12. Bd3 cxd4 13. cxd4 Bd7 14. O-O O-O
15. Bg5 f6 16. exf6 gxf6 17. Bf4 Ng6 18. Bxg6 hxg6 19. Rfe1 Rfe8 20. Bd6 Kf7
21. Re3 g5 22. h3 Rh8 23. Bc5 Rag8 24. Nh2 f5 25. Kf1 g4 26. Ke2 Rh4 27. g3
Rxh3 28. Nf1 Rh1 29. Ra2 Rg1 30. a4 Rh8 31. Rc3 Rhh1 32. Ne3 Re1+ 33. Kd2 e5
34. Nxd5 Nxd4 35. Rd3 Rd1+ 0-1

[Event "II C.to Italiano Serie Nazionali a squadre"]
[Site "Arvier ITA"]
[Date "2008.05.02"]
[Round "1"]
[White "Sorcinelli, Francesco"]
[Black "Salvioli, Alessandro"]
[Result "1-0"]
[WhiteElo "2078"]
[BlackElo "1836"]
[PlyCount "47"]
[EventDate "2008.05.02"]

1. e4 c5 2. Nc3 e6 3. Nf3 a6 4. g3 Qc7 5. Bg2 Nc6 6. O-O Nf6 7. Re1 d6 8. d4
cxd4 9. Nxd4 Be7 10. Be3 Ne5 11. Qe2 Nc4 12. Bc1 O-O 13. b3 Ne5 14. Bb2 Ng6 15.
Rad1 Rb8 16. a4 Bd7 17. f4 Ne8 18. h4 f6 19. h5 Nh8 20. f5 Qc8 21. fxe6 Bxe6
22. Nxe6 Qxe6 23. e5 Qxe5 24. Qc4+ 1-0

[Event "II C.to Italiano Serie Nazionali a squadre"]
[Site "Arvier ITA"]
[Date "2008.05.02"]
[Round "1"]
[White "Trevisan, Luigi"]
[Black "Favoni, Matteo"]
[Result "1-0"]
[WhiteElo "2162"]
[BlackElo "1912"]
[PlyCount "61"]
[EventDate "2008.05.02"]

1. c4 Nf6 2. Nc3 g6 3. Nf3 Bg7 4. e4 O-O 5. d4 d6 6. Be2 e5 7. dxe5 dxe5 8.
Qxd8 Rxd8 9. Bg5 c6 10. h3 Na6 11. O-O Re8 12. Be3 Nc7 13. Rfd1 Nh5 14. Bf1 f5
15. exf5 gxf5 16. Rac1 e4 17. Ne1 Ne6 18. g3 f4 19. gxf4 Nexf4 20. h4 Bg4 21.
Rd2 Re6 22. Ne2 Be5 23. Rcd1 Rg6 24. Rd8+ Rxd8 25. Rxd8+ Kf7 26. Nxf4 Nxf4 27.
Kh1 Nh3 28. Bxa7 Bf3+ 29. Nxf3 exf3 30. Bxh3 Rh6 31. Rd3 1-0

[Event "II C.to Italiano Serie Nazionali a squadre"]
[Site "Arvier ITA"]
[Date "2008.05.02"]
[Round "1"]
[White "Zanatta, Federico"]
[Black "Shytaj, Carlo"]
[Result "0-1"]
[WhiteElo "2030"]
[BlackElo "2212"]
[PlyCount "154"]
[EventDate "2008.05.02"]

1. c4 e5 2. Nc3 Nc6 3. g3 g6 4. Bg2 Bg7 5. Nf3 Nge7 6. O-O O-O 7. Rb1 Nd4 8. e3
Nxf3+ 9. Qxf3 f5 10. Qd1 c6 11. d4 e4 12. d5 d6 13. f3 exf3 14. Bxf3 c5 15. Ne2
Qa5 16. a3 Bd7 17. Bd2 Qa6 18. Qc1 b5 19. b3 bxc4 20. bxc4 Rab8 21. Qc2 Qxa3
22. Bc3 Bxc3 23. Nxc3 Rxb1 24. Rxb1 Nc8 25. Rb2 Qa1+ 26. Kf2 Qa6 27. Kg2 Nb6
28. Be2 Re8 29. Ra2 Qb7 30. e4 Re5 31. Bd3 Qb8 32. Ra1 fxe4 33. Nxe4 Qf8 34.
Rxa7 Bh3+ 35. Kxh3 Qf3 36. Nf6+ Qxf6 37. Kg2 Re3 38. Qd1 Qb2+ 39. Kh1 Qf2 40.
Ra1 Nd7 41. Qf1 Qxf1+ 42. Bxf1 Ne5 43. Ra6 Re1 44. Kg2 Nf7 45. h4 h5 46. Kf2
Rc1 47. Be2 Kf8 48. Ke3 Ke7 49. Ra7+ Kf6 50. Rd7 Ra1 51. g4 hxg4 52. Bxg4 Ra6
53. Be2 Ne5 54. Rd8 Ke7 55. Rg8 Ra4 56. Kf2 Kf7 57. Rd8 Ke7 58. Rg8 Kf7 59. Rd8
Nxc4 60. Bxc4 Rxc4 61. Rxd6 Rxh4 62. Rc6 c4 63. Ke3 g5 64. Ke2 Rf4 65. Ke3 Kg7
66. Ke2 g4 67. Ke3 Rf3+ 68. Ke2 Rc3 69. d6 Kf7 70. d7 Ke7 71. Rd6 Kd8 72. Rg6
g3 73. Rg7 Rc2+ 74. Kd1 Rg2 75. Kc1 Rg1+ 76. Kc2 g2 77. Kd2 Ra1 0-1

[Event "II C.to Italiano Serie Nazionali a squadre"]
[Site "Arvier ITA"]
[Date "2008.05.02"]
[Round "1"]
[White "Zoldan, Matteo"]
[Black "Digiugno, Franco"]
[Result "1-0"]
[WhiteElo "2208"]
[BlackElo "2083"]
[PlyCount "77"]
[EventDate "2008.05.02"]

1. e4 e5 2. Nc3 Nc6 3. Bc4 Nf6 4. d3 Bb4 5. Bg5 Na5 6. Nge2 Nxc4 7. dxc4 h6 8.
Bxf6 Qxf6 9. O-O Bxc3 10. Nxc3 O-O 11. c5 b6 12. Nd5 Qd8 13. cxb6 axb6 14. Qd2
Ra4 15. Rfe1 Rd4 16. Qc3 c6 17. Ne3 d5 18. Qxc6 dxe4 19. c3 Bd7 20. Qb7 Bc8 21.
Qc6 Bd7 22. Qb7 Bc8 23. Qb8 Rd2 24. Nc4 Qg5 25. Qxb6 Bh3 26. g3 Rd3 27. a4 Qf5
28. Qb7 Rfd8 29. Qxe4 Qc8 30. Nxe5 Bf5 31. Qc4 Rd2 32. Qxf7+ Kh7 33. b4 Rf8 34.
Qc4 Qa8 35. Re2 Qd8 36. Rae1 Bh3 37. Rxd2 Qxd2 38. Qd3+ Qxd3 39. Nxd3 1-0

[Event "II C.to Italiano Serie Nazionali a squadre"]
[Site "Arvier ITA"]
[Date "2008.05.02"]
[Round "2"]
[White "Barletta, Mauro"]
[Black "Corvi, Marco"]
[Result "1/2-1/2"]
[WhiteElo "2205"]
[BlackElo "2347"]
[PlyCount "120"]
[EventDate "2008.05.02"]

1. e4 Nf6 2. e5 Nd5 3. Nc3 Nxc3 4. bxc3 d6 5. f4 dxe5 6. fxe5 Qd5 7. d4 Bf5 8.
Qf3 Qxf3 9. Nxf3 Bxc2 10. e6 fxe6 11. Ng5 Bf5 12. Bc4 h6 13. Bxe6 Bxe6 14. Nxe6
Kd7 15. d5 Na6 16. O-O b6 17. Bf4 Rc8 18. Be5 Nc5 19. Nxf8+ Rcxf8 20. Bxg7
Rxf1+ 21. Rxf1 Rh7 22. Bd4 Kd6 23. Rf5 h5 24. h4 Nd7 25. Kf2 e6 26. dxe6 Kxe6
27. Rg5 c5 28. Bg7 Kf7 29. Be5 Ke6 30. Bg7 b5 31. Kf3 a5 32. g4 hxg4+ 33. Kxg4
b4 34. h5 a4 35. cxb4 cxb4 36. h6 Nf6+ 37. Bxf6 Kxf6 38. Rb5 b3 39. axb3 axb3
40. Rb6+ Ke5 41. Kg5 Rh8 42. Rxb3 Rg8+ 43. Kh5 Rg1 44. Rf3 Ke6 45. Rf4 Rh1+ 46.
Kg6 Rg1+ 47. Kh7 Ke7 48. Ra4 Kf7 49. Ra7+ Kf8 50. Rg7 Rh1 51. Rg4 Kf7 52. Rf4+
Ke7 53. Rg4 Kf7 54. Rg7+ Kf8 55. Ra7 Rg1 56. Ra8+ Kf7 57. Kh8 Rh1 58. h7 Rf1
59. Ra7+ Kf8 60. Rg7 Rf2 1/2-1/2

[Event "II C.to Italiano Serie Nazionali a squadre"]
[Site "Arvier ITA"]
[Date "2008.05.02"]
[Round "2"]
[White "Broli, Carlo"]
[Black "Chiarion, Elisa"]
[Result "0-1"]
[WhiteElo "1907"]
[BlackElo "1897"]
[PlyCount "90"]
[EventDate "2008.05.02"]

1. c4 c6 2. Nf3 d5 3. e3 e6 4. b3 Nf6 5. Bb2 Bd6 6. Qc2 Nbd7 7. g4 O-O 8. g5
Ne4 9. h4 Re8 10. Rg1 e5 11. a3 a5 12. cxd5 cxd5 13. Bb5 Qb6 14. Bd3 Ndc5 15.
Nc3 Qxb3 16. Bxe4 dxe4 17. Qxb3 Nxb3 18. Nxe4 Bb8 19. Rb1 Bf5 20. d3 a4 21. Ke2
Ra5 22. Bc3 Rd5 23. Bb4 Kh8 24. h5 Red8 25. Rbd1 b6 26. h6 Nc5 27. hxg7+ Kxg7
28. Nxc5 bxc5 29. e4 Bxe4 30. dxe4 Rxd1 31. Rxd1 Rxd1 32. Kxd1 cxb4 33. axb4 f6
34. Kc2 Bd6 35. Kc3 a3 36. b5 Bc5 37. Kb3 Kg6 38. gxf6 Kxf6 39. Nh2 Kg5 40. f3
Kf4 41. b6 Bxb6 42. Kxa3 Bg1 43. Ng4 h5 44. Nf6 h4 45. Ng4 h3 0-1

[Event "II C.to Italiano Serie Nazionali a squadre"]
[Site "Arvier ITA"]
[Date "2008.05.02"]
[Round "2"]
[White "Bruno, Fabio"]
[Black "Gallana, Marco"]
[Result "1-0"]
[WhiteElo "2450"]
[BlackElo "1960"]
[PlyCount "93"]
[EventDate "2008.05.02"]

1. d4 Nf6 2. Bf4 d5 3. e3 Bf5 4. c4 c6 5. Nc3 e6 6. Qb3 Qb6 7. c5 Qxb3 8. axb3
Nfd7 9. b4 f6 10. Nf3 g5 11. Bg3 Bg7 12. Be2 O-O 13. O-O e5 14. b5 Bg6 15. Rfd1
g4 16. Nh4 f5 17. f3 f4 18. Nxg6 hxg6 19. Bf2 gxf3 20. Bxf3 e4 21. Be2 fxe3 22.
Bxe3 Nf6 23. b4 cxb5 24. Nxb5 Na6 25. Rab1 Nh5 26. g3 Nf6 27. Nd6 Rab8 28. Nxb7
Rxb7 29. Bxa6 Rbf7 30. Be2 Ne8 31. Ra1 Kh7 32. Ra6 Bh6 33. Bxh6 Kxh6 34. Rf1
Rxf1+ 35. Bxf1 Nc7 36. Rc6 Rf7 37. b5 Re7 38. Rd6 e3 39. Be2 Nxb5 40. Bxb5 e2
41. Bxe2 Rxe2 42. Rxd5 Rc2 43. h4 a5 44. c6 Rxc6 45. Rxa5 Rc2 46. Rg5 Rd2 47.
d5 1-0

[Event "II C.to Italiano Serie Nazionali a squadre"]
[Site "Arvier ITA"]
[Date "2008.05.02"]
[Round "2"]
[White "Cappai, Davide"]
[Black "Moncelli, Giorgio"]
[Result "1-0"]
[WhiteElo "2100"]
[BlackElo "2099"]
[PlyCount "87"]
[EventDate "2008.05.02"]

1. e4 c5 2. Nf3 Nc6 3. c3 d5 4. d3 dxe4 5. dxe4 Qxd1+ 6. Kxd1 Nf6 7. Nbd2 e6 8.
h3 Be7 9. Kc2 O-O 10. Bd3 b6 11. Re1 Bb7 12. Nf1 Rfd8 13. Bf4 Rac8 14. Rad1 a6
15. Ng3 b5 16. Bf1 h6 17. Rxd8+ Rxd8 18. Rd1 Rc8 19. a4 c4 20. axb5 axb5 21.
Bd6 Kf8 22. Bxe7+ Kxe7 23. Ra1 g6 24. Nd2 Rd8 25. f3 Ne5 26. Ra5 Bc6 27. Ne2
Rb8 28. f4 Nd3 29. Nd4 Be8 30. Bxd3 cxd3+ 31. Kxd3 Kf8 32. b4 Rd8 33. Ke3 Rc8
34. Nb1 Rb8 35. Nb3 Nd7 36. Na3 Nb6 37. Nd4 Rc8 38. Kd3 Nc4 39. Nxc4 bxc4+ 40.
Ke3 Ke7 41. Ra7+ Kf8 42. g4 g5 43. fxg5 hxg5 44. Ra5 1-0

[Event "II C.to Italiano Serie Nazionali a squadre"]
[Site "Arvier ITA"]
[Date "2008.05.02"]
[Round "2"]
[White "Di Primio, Eugenia"]
[Black "Cavallero, Eugenio"]
[Result "0-1"]
[WhiteElo "1992"]
[BlackElo "1831"]
[PlyCount "134"]
[EventDate "2008.05.02"]

1. e4 e6 2. d4 b6 3. Nf3 Bb7 4. Bd3 c5 5. Nc3 cxd4 6. Nxd4 Bc5 7. Nb3 Ne7 8.
Nxc5 bxc5 9. Qg4 Ng6 10. Qg3 d6 11. Nb5 e5 12. h4 h5 13. Nc3 Ba6 14. Bg5 Qd7
15. Nd5 Bxd3 16. Qxd3 Nc6 17. c3 O-O 18. Rd1 f6 19. Bc1 Rad8 20. g3 Nce7 21.
Ne3 Nh8 22. Qe2 g6 23. Nc4 Qe6 24. O-O Nf7 25. Be3 f5 26. f3 Kh7 27. Bc1 Nh6
28. Bg5 Nf7 29. Be3 Ng8 30. Bc1 fxe4 31. fxe4 Nf6 32. Kg2 Ng4 33. Ne3 Nfh6 34.
Nd5 Rxf1 35. Rxf1 Rd7 36. Bxh6 Kxh6 37. Qf3 Kh7 38. b3 a5 39. Qf8 a4 40. b4
cxb4 41. cxb4 a3 42. Rf3 Ra7 43. b5 Rg7 44. b6 Qd7 45. Nc7 Qc6 46. Ne6 Qc2+ 47.
Kg1 Qc1+ 48. Rf1 Qe3+ 49. Kh1 Qxe4+ 50. Kg1 Qe3+ 51. Kh1 Qe4+ 52. Qf3 Qxf3+ 53.
Rxf3 Rb7 54. Rb3 Nf2+ 55. Kg2 Ne4 56. Nd8 Rb8 57. b7 Nc5 58. Rb6 d5 59. Rc6
Nxb7 60. Rc7+ Kg8 61. Nxb7 e4 62. Kf2 Rf8+ 63. Ke2 d4 64. Nd6 d3+ 65. Ke3 Rf3+
66. Kxe4 d2 67. Rc8+ Rf8 0-1

[Event "II C.to Italiano Serie Nazionali a squadre"]
[Site "Arvier ITA"]
[Date "2008.05.02"]
[Round "2"]
[White "Digiugno, Franco"]
[Black "Rebeggiani, Andrea"]
[Result "1/2-1/2"]
[WhiteElo "2083"]
[BlackElo "1978"]
[PlyCount "93"]
[EventDate "2008.05.02"]

1. d4 g6 2. e4 Bg7 3. Nc3 c6 4. Nf3 d5 5. e5 Bg4 6. h3 Bxf3 7. Qxf3 e6 8. Be2
h5 9. Qd3 Nd7 10. b3 Qc7 11. O-O Ne7 12. Bg5 Nf5 13. g4 hxg4 14. hxg4 Ne7 15.
Bxe7 Kxe7 16. Kg2 Nxe5 17. Qg3 Rac8 18. dxe5 Qxe5 19. Qxe5 Bxe5 20. Na4 Rh2+
21. Kg1 Rch8 22. Bf3 Bxa1 23. Rxa1 f5 24. gxf5 gxf5 25. Re1 Kd6 26. Kf1 e5 27.
Nc3 R2h3 28. Re3 d4 29. Rd3 Ke6 30. Ne2 R3h4 31. Bg2 b6 32. Rg3 R4h6 33. f4 c5
34. fxe5 Kxe5 35. Nc1 Kf6 36. Ne2 Re8 37. Kf2 Rh4 38. Bc6 Re6 39. Bb5 a5 40.
Bd3 Rh2+ 41. Rg2 Rxg2+ 42. Kxg2 Kg5 43. Kf2 Re3 44. a4 Rh3 45. Ng1 Rh2+ 46. Kg3
Rh8 47. Nf3+ 1/2-1/2

[Event "II C.to Italiano Serie Nazionali a squadre"]
[Site "Arvier ITA"]
[Date "2008.05.02"]
[Round "2"]
[White "Frigieri, Fabrizio"]
[Black "Fontana, Enrico"]
[Result "0-1"]
[WhiteElo "2082"]
[BlackElo "2118"]
[PlyCount "94"]
[EventDate "2008.05.02"]

1. e4 d6 2. d4 Nf6 3. Nc3 c6 4. Nf3 Bg4 5. h3 Bh5 6. Be2 e6 7. Bg5 Be7 8. g4
Bg6 9. Bxf6 Bxf6 10. h4 h6 11. Qd2 Nd7 12. O-O-O Qa5 13. e5 Be7 14. exd6 Bxd6
15. Ne5 Bxe5 16. dxe5 O-O-O 17. h5 Bh7 18. Qe3 Nxe5 19. f4 Nd7 20. g5 Qc5 21.
Qg3 Bf5 22. Bd3 Nb6 23. Ne4 Bxe4 24. Bxe4 Rxd1+ 25. Rxd1 hxg5 26. Rd3 Rxh5 27.
Bf3 Rh8 28. fxg5 Nd5 29. Qe5 Rh3 30. Bxd5 Rh1+ 31. Kd2 Qf2+ 32. Kc3 cxd5 33.
Qxg7 Rh2 34. Qf8+ Kd7 35. Kb4 Qb6+ 36. Ka4 Rh4+ 37. b4 Qa6+ 38. Kb3 Qc4+ 39.
Ka3 Rf4 40. Rh3 Qxc2 41. Qb8 Qc1+ 42. Ka4 Qc6+ 43. Ka3 Qa6+ 44. Kb2 Rf2+ 45.
Kb3 Qc4+ 46. Ka4 Rxa2+ 47. Ra3 Qa6+ 0-1

[Event "II C.to Italiano Serie Nazionali a squadre"]
[Site "Arvier ITA"]
[Date "2008.05.02"]
[Round "2"]
[White "Gallucci, Alessio"]
[Black "Antonelli, Fabrizio"]
[Result "1/2-1/2"]
[WhiteElo "2175"]
[BlackElo "2035"]
[PlyCount "98"]
[EventDate "2008.05.02"]

1. e4 e5 2. Nf3 Nc6 3. d4 exd4 4. Nxd4 Bc5 5. Be3 Qf6 6. Nb5 Bxe3 7. fxe3 Qd8
8. Qg4 Kf8 9. Qf4 d6 10. Bc4 Ne5 11. O-O Nf6 12. Bb3 c6 13. Nd4 Qe7 14. Nd2 Bd7
15. Rad1 Re8 16. h3 h5 17. N4f3 b5 18. Ng5 c5 19. Bd5 Nxd5 20. exd5 f6 21. Nde4
Kg8 22. Ne6 Rh6 23. Kh1 Rb8 24. Ng3 Bxe6 25. dxe6 Qxe6 26. Nf5 Rg6 27. Rxd6 Qe8
28. Rfd1 Rg5 29. Qe4 Kh8 30. Nh4 Nc4 31. Qxe8+ Rxe8 32. Rd8 Rxd8 33. Rxd8+ Kh7
34. Nf3 Rf5 35. e4 Rf4 36. Rd5 Rxe4 37. Rxh5+ Kg6 38. Rxc5 Re2 39. Nd4 Rd2 40.
Nxb5 Ne3 41. Nxa7 Nxc2 42. Rb5 Ne1 43. a4 Nxg2 44. Rb4 Ne1 45. Kg1 Nf3+ 46. Kf1
Nh2+ 47. Ke1 Nf3+ 48. Kf1 Nh2+ 49. Kg1 Nf3+ 1/2-1/2

[Event "II C.to Italiano Serie Nazionali a squadre"]
[Site "Arvier ITA"]
[Date "2008.05.02"]
[Round "2"]
[White "Lantini, Marco"]
[Black "Pulito, Alberto"]
[Result "1/2-1/2"]
[WhiteElo "2244"]
[BlackElo "2261"]
[PlyCount "81"]
[EventDate "2008.05.02"]

1. d4 d5 2. c4 e6 3. Nf3 Nf6 4. g3 Be7 5. Bg2 O-O 6. O-O c5 7. dxc5 Bxc5 8. Nc3
Nc6 9. cxd5 exd5 10. Na4 Be7 11. Be3 Re8 12. Rc1 Ne4 13. Nd4 Nxd4 14. Bxd4 Be6
15. Nc5 Nxc5 16. Bxc5 Bf6 17. Qd2 Qd7 18. e3 Qb5 19. Bd4 Be7 20. a3 b6 21. h4
Rac8 22. Rfe1 Red8 23. Bf1 Qa4 24. Bd3 Bc5 25. Bc2 Qa6 26. Bc3 Be7 27. Bd3 Qa4
28. Qe2 Qg4 29. Qxg4 Bxg4 30. Ba6 Rc5 31. Bd4 Rxc1 32. Rxc1 Bd6 33. Kg2 Bf5 34.
Bb7 Kf8 35. f3 Be6 36. Ba6 f6 37. Bd3 h6 38. Ba6 Ke7 39. f4 Bf5 40. Kf2 Kd7 41.
Bb5+ 1/2-1/2

[Event "II C.to Italiano Serie Nazionali a squadre"]
[Site "Arvier ITA"]
[Date "2008.05.02"]
[Round "2"]
[White "Luciani, Carlo"]
[Black "Buchicchio, Giampaolo"]
[Result "0-1"]
[WhiteElo "2256"]
[BlackElo "2287"]
[PlyCount "58"]
[EventDate "2008.05.02"]

1. e4 c5 2. Nf3 Nc6 3. d4 cxd4 4. Nxd4 e5 5. Nb5 d6 6. a4 Be7 7. N1c3 a6 8. Na3
Be6 9. Bc4 Nf6 10. f3 Nb4 11. Bg5 Qb6 12. Qe2 Rc8 13. b3 Bxc4 14. Nxc4 Qd4 15.
Qd2 b5 16. axb5 axb5 17. Bxf6 gxf6 18. Nxb5 Qxa1+ 19. Kf2 Qxh1 20. Ncxd6+ Bxd6
21. Nxd6+ Ke7 22. Nf5+ Kf8 23. Qd6+ Kg8 24. c3 Nd3+ 25. Qxd3 Ra8 26. Kg3 Qc1
27. h4 h5 28. Qd5 Ra7 29. Qd6 Kh7 0-1

[Event "II C.to Italiano Serie Nazionali a squadre"]
[Site "Arvier ITA"]
[Date "2008.05.02"]
[Round "2"]
[White "Massironi, Marco"]
[Black "Fiorido, Giuseppe"]
[Result "0-1"]
[WhiteElo "2120"]
[BlackElo "2116"]
[PlyCount "54"]
[EventDate "2008.05.02"]

1. e4 c6 2. d4 d5 3. Nc3 dxe4 4. Nxe4 Nf6 5. Nxf6+ exf6 6. c3 Bd6 7. Bd3 O-O 8.
Qc2 Re8+ 9. Ne2 Kh8 10. Be3 g6 11. h4 f5 12. O-O-O h5 13. g4 fxg4 14. Bxg6 fxg6
15. Bg5 Bf5 16. Qd2 Qc7 17. Ng3 Qf7 18. d5 c5 19. Nxf5 Qxf5 20. Rhe1 Nd7 21.
Re6 Be5 22. f4 gxf3 23. Rg1 Nf8 24. Rxe8 Rxe8 25. d6 f2 26. Rf1 Bg3 27. d7 Nxd7
0-1

[Event "II C.to Italiano Serie Nazionali a squadre"]
[Site "Arvier ITA"]
[Date "2008.05.02"]
[Round "2"]
[White "Pagan, Andrea"]
[Black "Braga, Fernando Alberto"]
[Result "0-1"]
[WhiteElo "1908"]
[BlackElo "2428"]
[PlyCount "78"]
[EventDate "2008.05.02"]

1. e4 c5 2. Nf3 Nc6 3. d4 cxd4 4. c3 dxc3 5. Bc4 e6 6. O-O a6 7. Nxc3 Bb4 8.
Bf4 Nge7 9. Qe2 O-O 10. Rfd1 Qa5 11. Rac1 Ng6 12. Bd2 Qh5 13. a3 Be7 14. Qe3
Bd6 15. Ne2 Nce5 16. Nxe5 Nxe5 17. h3 Nxc4 18. Rxc4 Bb8 19. Rdc1 Ba7 20. Qd3 d5
21. exd5 exd5 22. Rc7 Bb6 23. R7c3 Rd8 24. Nd4 Re8 25. Be3 h6 26. Rb3 Ba7 27.
a4 Re4 28. a5 Bxh3 29. gxh3 Bxd4 30. Bxd4 Qg5+ 31. Kh2 Qxc1 32. Be3 Qc7+ 33.
Kh1 Qxa5 34. Rxb7 Rae8 35. b4 Qa1+ 36. Kg2 R8e6 37. Qxd5 Rg6+ 38. Kf3 Qh1+ 39.
Ke2 Rxe3+ 0-1

[Event "II C.to Italiano Serie Nazionali a squadre"]
[Site "Arvier ITA"]
[Date "2008.05.02"]
[Round "2"]
[White "Pepino, Enrico"]
[Black "Quinto, Gianni"]
[Result "0-1"]
[WhiteElo "2138"]
[BlackElo "2210"]
[PlyCount "84"]
[EventDate "2008.05.02"]

1. e4 c5 2. Nf3 e6 3. d4 cxd4 4. Nxd4 a6 5. g3 Nf6 6. Bg2 Qc7 7. O-O Nc6 8. Nb3
d6 9. a4 b6 10. Nc3 Bb7 11. Qe2 Be7 12. Be3 O-O 13. f4 Rac8 14. Rad1 Nb4 15.
Kh1 d5 16. e5 Ne4 17. Nxe4 dxe4 18. c3 Nd3 19. Nc1 Rfd8 20. Nxd3 exd3 21. Rxd3
Bxg2+ 22. Kxg2 Qc6+ 23. Kg1 Qxa4 24. Bxb6 Rxd3 25. Qxd3 Rb8 26. Bd4 Rxb2 27.
Rb1 Rxb1+ 28. Qxb1 Qb5 29. Qe4 Qd5 30. Qxd5 exd5 31. Bb6 f6 32. e6 f5 33. Kf2
Bf6 34. Ba5 Kf8 35. Bb4+ Be7 36. Ba5 Bc5+ 37. Ke2 Ke7 38. Kd3 Bg1 39. c4 Kxe6
40. cxd5+ Kxd5 41. h3 h5 42. Be1 g6 0-1

[Event "II C.to Italiano Serie Nazionali a squadre"]
[Site "Arvier ITA"]
[Date "2008.05.02"]
[Round "2"]
[White "Salvioli, Alessandro"]
[Black "Zanatta, Federico"]
[Result "0-1"]
[WhiteElo "1836"]
[BlackElo "2030"]
[PlyCount "92"]
[EventDate "2008.05.02"]

1. e4 Nf6 2. e5 Nd5 3. d4 d6 4. Nf3 Bg4 5. Be2 g6 6. h3 Bd7 7. c4 Nb6 8. b3 Bg7
9. Bb2 O-O 10. O-O Nc6 11. Re1 h6 12. Bf1 e6 13. Nc3 d5 14. Rc1 Ne7 15. Nh2 Bc6
16. c5 Nbc8 17. b4 a6 18. a4 b5 19. axb5 axb5 20. Nxb5 Rb8 21. Nc3 Rxb4 22. Ba3
Rb8 23. Rb1 Na7 24. Rxb8 Qxb8 25. Qc2 Qa8 26. Ra1 Rb8 27. Bc1 Rb4 28. Qd2 Qb8
29. Be2 Nf5 30. Nf3 Nc8 31. g4 Nfe7 32. Ba3 Rb3 33. Bd1 Rb7 34. Be2 Rb3 35. Bd1
Rb7 36. Bc2 Na7 37. Ne2 Qf8 38. Bd3 Bb5 39. Rb1 Qb8 40. Bxb5 Nxb5 41. Qb4 Nc6
42. Qb2 Na5 43. Bb4 Nc4 44. Qa2 Nba3 45. Rb3 Rxb4 46. Rxa3 Nxa3 0-1

[Event "II C.to Italiano Serie Nazionali a squadre"]
[Site "Arvier ITA"]
[Date "2008.05.02"]
[Round "2"]
[White "Sbarra, Marco"]
[Black "Trevisan, Luigi"]
[Result "1-0"]
[WhiteElo "2243"]
[BlackElo "2162"]
[PlyCount "55"]
[EventDate "2008.05.02"]

1. d4 e6 2. c4 f5 3. g3 Nf6 4. Bg2 Be7 5. Nf3 O-O 6. O-O d6 7. Nc3 c6 8. Qc2 d5
9. b3 a5 10. c5 Bd7 11. Na4 Be8 12. Bf4 Ne4 13. Nb6 Ra6 14. Bxb8 Qxb8 15. e3
Qc7 16. Ne1 Bf6 17. Nd3 Bf7 18. f3 Bg5 19. fxe4 Bxe3+ 20. Nf2 Bxd4 21. exd5
cxd5 22. Rac1 Be3 23. Qb2 f4 24. gxf4 Qxf4 25. Kh1 Bd4 26. Qe2 Qh4 27. Nd3 Re8
28. Rf4 1-0

[Event "II C.to Italiano Serie Nazionali a squadre"]
[Site "Arvier ITA"]
[Date "2008.05.02"]
[Round "2"]
[White "Shytaj, Carlo"]
[Black "Sorcinelli, Francesco"]
[Result "1-0"]
[WhiteElo "2212"]
[BlackElo "2078"]
[PlyCount "55"]
[EventDate "2008.05.02"]

1. e4 c5 2. b3 Nc6 3. Nc3 g6 4. f4 Bg7 5. Nf3 e6 6. Bb5 Nge7 7. e5 O-O 8. Ne4
d5 9. exd6 Nf5 10. c3 Qb6 11. a4 a6 12. Bc4 Nb8 13. Ba3 Nd7 14. b4 Qc6 15. Nxc5
b5 16. Bb3 Qxd6 17. d4 Ne3 18. Qe2 Nxc5 19. bxc5 Qxf4 20. Bc1 Bh6 21. Bxe3 Qxe3
22. Qxe3 Bxe3 23. axb5 Bd7 24. Ke2 Bf4 25. b6 Bc6 26. Ba4 Bd5 27. Kd3 Rac8 28.
Bd7 1-0